Kontakthof: with ladies and gentlemen over 65
Saved in:
| Hovedforfatter: | |
|---|---|
| Format: | Bog |
| Sprog: | tysk fransk italiensk engelsk |
| Udgivet: |
París
L'Arche
2007
|
| Udgivelse: | 1a. ed |
| Fag: | |
| Tags: |
Tilføj Tag
Ingen Tags, Vær først til at tagge denne postø!
|
MARC
| LEADER | 00000cam a2200000 a 4500 | ||
|---|---|---|---|
| 001 | UCE2825 | ||
| 003 | CL-VaPUC | ||
| 008 | 140731e20070000fr |||||||||||||||||ger|d | ||
| 020 | |a 9782851816498 | ||
| 041 | 0 | 7 | |a ger |2 CL-VaPUC |
| 041 | 0 | 7 | |a fre |2 CL-VaPUC |
| 041 | 0 | 7 | |a ita |2 CL-VaPUC |
| 041 | 0 | 7 | |a eng |2 CL-VaPUC |
| 082 | 0 | 4 | |a 781.554 |b BAU |2 21 |
| 100 | 0 | |a Bausch, Pina |e author |9 575377 | |
| 245 | 1 | 0 | |a Kontakthof: with ladies and gentlemen over 65 |
| 246 | 1 | 0 | |a Kontakthof: mit Damen und Herren ab 65 |
| 246 | 1 | 0 | |a Kontakthof: avec des dames et meissieurs aun-dessus de 65 ans |
| 246 | 1 | 0 | |a Kontakthof: con signore e signori oltre 65 anni |
| 250 | |a 1a. ed | ||
| 300 | |a 136 p | ||
| 942 | |c BK | ||
| 945 | |d 20140731 15:45:00 |a cmena | ||
| 260 | |a París |b L'Arche |c 2007 | ||
| 500 | |a Incluye DVD | ||
| 650 | 7 | |a DANZA CONTEMPORANEA |2 CL-VaPUC |9 575378 | |
| 650 | 0 | |a Adulto mayor |9 311317 | |
| 650 | 7 | |a COREOGRAFIAS |2 CL-VaPUC |9 575379 | |
| 583 | |a last modification |c 20191009 01:17:52 |k Rodrigo Vera | ||
| 999 | |c 356376 |d 356374 | ||
| 952 | |0 0 |1 0 |2 ddc |3 erb |4 0 |6 781_554000000000000_BAU_2007 |7 0 |8 A |9 463663 |a BIBART |b BIBART |i 5093082 |l 3 |o 781.554 BAU 2007 |p 5093082 |r 2025-03-13 |s 2022-07-28 |w 2019-11-23 |y BK |z Catalogado en:20140731 |k SRS | ||